000 00410nam a2200169Ia 4500
008 230524s9999 xx 000 0 und d
082 _a612
_bWON
100 _aJoyce Y.Wong
_925527
245 0 _aBiomaterials
250 _a1ST
260 _aNEW DELHI
_bCRC Press
_c2007
300 _aXII;10-1
500 _aQuantity Number: 1
650 _aBiomedical
700 _a Joseph D.Bronzino
_925528
942 _cBK
999 _c37555
_d37555